000 01002cab a2200265 4500
001 ABS52341
008 090401t1995 xxu||||| |||| 00| 0 eng d
035 _a(Sirsi) u73845
041 _aeng
100 _aJohn, R.
245 _aNew nature conservation regulations in force
260 _c1995
350 _a0
490 _aCountry Landowner
_vFebruary 1995, 24-25(2)
520 _aOutlines The Conservation (Natural Habitats, &c), Regulations 1994, which make several changes in existing planning legislation, setting out the implications for the review of existing planning permissions; applications for planning permission and proposals for permitted development.
650 _aNATURE CONSERVATION
650 _aPERMITTED DEVELOPMENT RIGHTS
650 _aSPECIAL AREAS OF CONSERVATION
650 _aSPECIAL PROTECTION AREAS
650 _aSITES OF SPECIAL SCIENTIFIC INTEREST
690 _aCONSERVATION
690 _aPLANNING LAW AND PRACTICE
942 _n0
948 _c04/03/1997
999 _c46608
_d46608